<?xml version="1.0" encoding="UTF-8"?>
<record
    xmlns:xsi="http://www.w3.org/2001/XMLSchema-instance"
    xsi:schemaLocation="http://www.loc.gov/MARC21/slim http://www.loc.gov/standards/marcxml/schema/MARC21slim.xsd"
    xmlns="http://www.loc.gov/MARC21/slim">

  <leader>01195nam0a22003011  4500</leader>
  <controlfield tag="001">v19\rc\2070873</controlfield>
  <controlfield tag="005">20250620040251.0</controlfield>
  <datafield tag="035" ind1=" " ind2=" ">
    <subfield code="a">(NLR Aleph) 005162956</subfield>
  </datafield>
  <datafield tag="090" ind1=" " ind2=" ">
    <subfield code="a">5002519</subfield>
    <subfield code="c">5002519</subfield>
  </datafield>
  <datafield tag="100" ind1=" " ind2=" ">
    <subfield code="a">20081218d1914    |||y0rusy50      ca</subfield>
  </datafield>
  <datafield tag="101" ind1="0" ind2=" ">
    <subfield code="a">rus</subfield>
  </datafield>
  <datafield tag="102" ind1=" " ind2=" ">
    <subfield code="a">RU</subfield>
  </datafield>
  <datafield tag="105" ind1=" " ind2=" ">
    <subfield code="a">a   z   |||||</subfield>
  </datafield>
  <datafield tag="135" ind1=" " ind2=" ">
    <subfield code="a">crcn 024anaba</subfield>
  </datafield>
  <datafield tag="200" ind1="1" ind2=" ">
    <subfield code="a">&#x41C;&#x43E;&#x442;&#x43E;&#x446;&#x438;&#x43A;&#x43B;&#x44B; "&#x418;&#x43D;&#x434;&#x438;&#x430;&#x43D;". &#x41C;&#x43E;&#x434;&#x435;&#x43B;&#x44C; 1914 &#x433;</subfield>
    <subfield code="e">&#x41E;&#x431;&#x440;&#x430;&#x449;&#x435;&#x43D;&#x438;&#x435; &#x438; &#x443;&#x445;&#x43E;&#x434;</subfield>
    <subfield code="f">&#x417;&#x430;&#x432;&#x43E;&#x434; &#x43A;&#x43E;&#x43C;&#x43F;&#x430;&#x43D;&#x438;&#x439; "&#x425;&#x435;&#x43D;&#x434;&#x438;", &#x421;&#x43F;&#x440;&#x438;&#x43D;&#x433;&#x444;&#x438;&#x43B;&#x44C;&#x434;, &#x41C;&#x430;&#x441;. &#x421;&#x43E;&#x435;&#x434;&#x438;&#x43D;&#x435;&#x43D;. &#x448;&#x442;&#x430;&#x442;&#x44B; &#x421;&#x435;&#x432;. &#x410;&#x43C;&#x435;&#x440;&#x438;&#x43A;&#x438;</subfield>
  </datafield>
  <datafield tag="210" ind1=" " ind2=" ">
    <subfield code="a">&#x41C;&#x43E;&#x441;&#x43A;&#x432;&#x430;</subfield>
    <subfield code="c">&#x410;.&#x424;. &#x41A;&#x440;&#x443;&#x43C;&#x438;&#x43D;&#x433;</subfield>
    <subfield code="d">1914</subfield>
  </datafield>
  <datafield tag="215" ind1=" " ind2=" ">
    <subfield code="a">43, V &#x441;., 9 &#x43B;. &#x438;&#x43B;.</subfield>
  </datafield>
  <datafield tag="325" ind1=" " ind2=" ">
    <subfield code="a">&#x41A;&#x43E;&#x43F;&#x438;&#x44F; &#x434;&#x43E;&#x441;&#x442;&#x443;&#x43F;&#x43D;&#x430; &#x432; &#x42D;&#x43B;&#x435;&#x43A;&#x442;&#x440;&#x43E;&#x43D;. &#x431;-&#x43A;&#x435; &#x420;&#x41D;&#x411;</subfield>
  </datafield>
  <datafield tag="532" ind1="1" ind2="3">
    <subfield code="a">&#x41C;&#x43E;&#x442;&#x43E;&#x446;&#x438;&#x43A;&#x43B;&#x44B; &#x418;&#x43D;&#x434;&#x438;&#x430;&#x43D;. &#x41C;&#x43E;&#x434;&#x435;&#x43B;&#x44C; 1914 &#x433;</subfield>
  </datafield>
  <datafield tag="801" ind1=" " ind2="0">
    <subfield code="a">RU</subfield>
    <subfield code="b">NLR</subfield>
    <subfield code="g">psbo</subfield>
  </datafield>
  <datafield tag="801" ind1=" " ind2="1">
    <subfield code="a">RU</subfield>
    <subfield code="b">ProSoft-M</subfield>
    <subfield code="2">rusmarc</subfield>
  </datafield>
  <datafield tag="852" ind1=" " ind2=" ">
    <subfield code="a">NLR</subfield>
    <subfield code="j">37.54.4.503</subfield>
  </datafield>
  <datafield tag="942" ind1=" " ind2=" ">
    <subfield code="c">BOOK</subfield>
  </datafield>
  <datafield tag="980" ind1=" " ind2=" ">
    <subfield code="a">NB</subfield>
  </datafield>
  <datafield tag="981" ind1="2" ind2="2">
    <subfield code="a">(22) &#x41C;&#x430;&#x442;&#x435;&#x440;&#x438;&#x430;&#x43B;&#x44B; &#x43F;&#x43E; &#x438;&#x441;&#x442;&#x43E;&#x440;&#x438;&#x438; &#x420;&#x43E;&#x441;&#x441;&#x438;&#x438;</subfield>
    <subfield code="b">(22) &#x418;&#x441;&#x442;&#x43E;&#x440;&#x438;&#x44F; &#x43F;&#x440;&#x43E;&#x43C;&#x44B;&#x448;&#x43B;&#x435;&#x43D;&#x43D;&#x43E;&#x441;&#x442;&#x438; &#x438; &#x442;&#x43E;&#x440;&#x433;&#x43E;&#x432;&#x43B;&#x438;</subfield>
  </datafield>
  <datafield tag="995" ind1=" " ind2=" ">
    <subfield code="5">2013-10-26</subfield>
    <subfield code="b">NLR02</subfield>
    <subfield code="c">NLR02</subfield>
    <subfield code="e">RFS</subfield>
    <subfield code="f">5162956-10</subfield>
    <subfield code="k">37.54.4.503</subfield>
    <subfield code="o">0</subfield>
    <subfield code="r">BOOK</subfield>
    <subfield code="s">37544503_</subfield>
  </datafield>
</record>
